A Córdoba (Record no. 164618)

MARC details
000 -LEADER
campo de control de longitud fija 00693nam a2200157 i 4500
001 - NÚMERO DE CONTROL
campo de control 164618
003 - IDENTIFICADOR DE NÚMERO DE CONTROL
campo de control ES-MaACL
005 - FECHA Y HORA DE LA ÚLTIMA TRANSACCIÓN
campo de control 20230906212954.0
008 - DATOS DE LONGITUD FIJA--INFORMACIÓN GENERAL
campo de control de longitud fija 050802s1880 sp | |||||||| ||spa d
040 ## - FUENTE DE CATALOGACIÓN
Centro catalogador/agencia de origen CAM
Lengua de catalogación spa
Centro/agencia transcriptor CAM
100 1# - ENTRADA PRINCIPAL--NOMBRE DE PERSONA
Nombre de persona Sánchez y Martínez, José.
9 (RLIN) 133039
245 10 - MENCIÓN DEL TÍTULO
Título A Córdoba
Resto del título : oda premiada en el certámen celebrado por la Sociedad Económica Cordobesa de Amigos del País en su primer centenario /
Mención de responsabilidad, etc. por José Sanchez y Martinez.
260 ## - PUBLICACIÓN, DISTRIBUCIÓN, ETC.
Lugar de publicación, distribución, etc. Madrid :
Nombre del editor, distribuidor, etc. [s.n.],
Fecha de publicación, distribución, etc. 1880 (
Fabricante R. Velasco impresor)
300 ## - DESCRIPCIÓN FÍSICA
Extensión 19 p. ;
Dimensiones 18 cm.
852 ## - LOCALIZACIÓN
Ubicación ES-MaACL
Número de control de estantería T-343-F-6
Nota libre -- Enc. hol.
-- -- Dedic. ms. del autor a la biblioteca del Ateneo de Madrid
-- -- Enc. en un vol. facticio
Holdings
Estatus retirado Estado de pérdida Estado de daño No para préstamo Colección Biblioteca de origen Biblioteca actual Ubicación en estantería Fecha de adquisición Total de préstamos Signatura topográfica completa Código de barras Visto por última vez Precio de reemplazo Tipo de ítem Koha
        Colección de folletos Biblioteca del Ateneo de Madrid Biblioteca del Ateneo de Madrid Depósito folletos 17/01/2008   T-343-F-6 1172564 23/02/2023 23/02/2023 Folleto